| 000 | 01175nam a22002777a 4500 | ||
|---|---|---|---|
| 003 | OSt | ||
| 005 | 20230123114429.0 | ||
| 007 | cr ||||||a|c|a | ||
| 008 | 221208s mx ||||fom||| 001 0 spa d | ||
| 040 | _erda | ||
| 100 | 1 |
_9118572 _aVelázquez Matíaz, Soiber Adalberto |
|
| 245 | 1 |
_aFormas de pensamiento religioso en el movimiento social / _cpor Soiber Adalberto Velázquez Matíaz; director de tesis Cristóbal Santos Cervantes |
|
| 264 | 1 |
_aChapingo, México : _bEl autor, _c2020. |
|
| 300 | _a1 recurso en línea (210 páginas). | ||
| 336 |
_2rdacontent _atexto _btxt |
||
| 337 |
_2rdamedia _acomputadora _bc |
||
| 338 |
_2rdacarrier _arecurso en línea _bcr |
||
| 502 |
_bDCDRR _cCentros Regionales _d2020. _gDOC |
||
| 504 | _aIncluye referencias bibliográficas: páginas-169-200 | ||
| 650 | 4 |
_995837 _aReligión y cultura |
|
| 650 | 4 |
_995838 _aReligión y Estado |
|
| 650 | 4 |
_9127615 _aReligión y política _xHistoria _zMéxico |
|
| 700 | 1 |
_9102458 _aSantos Cervantes, Cristóbal _eDirector de tesis |
|
| 856 |
_uhttp://10.13.5.2/tesis/td/2020_CR_Velasquez_Matiaz_SoiberAdalberto.pdf _zDESCARGAR PDF |
||
| 942 |
_2Clasificación Universidad Autónoma Chapingo _cTD |
||
| 999 |
_c217958 _d217958 |
||